书目信息 |
| 题名: |
天体的音乐
|
|
| 作者: | 詹姆斯 著 ;李晓东 译 | |
| 分册: | ||
| 出版信息: | 长春 吉林人民出版社 2003.01 |
|
| 页数: | 265页 | |
| 开本: | 21cm | |
| 丛书名: | 大美译丛 | |
| 单 册: | ||
| 中图分类: | J60-02 | |
| 科图分类: | ||
| 主题词: | 音乐哲学--yin yue zhe xue--研究 | |
| 电子资源: | ||
| ISBN: | 7-206-04114-0 | |
| 000 | 01109nam 2200277 450 | |
| 001 | 012007420583 | |
| 005 | 20070924160014.70 | |
| 010 | @a7-206-04114-0@dCNY16.00 | |
| 100 | @a20070816d2003 km y0chiy0120 ea | |
| 101 | 1 | @achi@ceng |
| 102 | @aCN@b220000 | |
| 105 | @aa a 001yy | |
| 200 | 1 | @a天体的音乐@Atian ti de yin yue@e音乐、科学和宇宙自然秩序@f(美) 杰米·詹姆斯著@F(mei)jie mi·zhan mu si zhu@fJamie James@g李晓东译@Gli xiao dong yi |
| 210 | @a长春@c吉林人民出版社@d2003.01 | |
| 215 | @a265页@c图@d21cm | |
| 225 | 2 | @a大美译丛@Ada mei yi cong |
| 320 | @a有书目 (第230-233页) 和索引。 | |
| 330 | @a本书从古希腊毕达哥拉斯谈起,经中世纪而到文艺复兴,直到近现代。使用的是音乐的素材,叙述的是人间的音乐,阐释的是音乐构成的世界,试图囊括进音乐和科学之间相交叉的领域。 | |
| 410 | 0 | @12001 @a大美译丛 |
| 517 | 1 | @a音乐、科学和宇宙自然秩序@Ayin yue、ke xue he yu zhou zi ran zhi xu |
| 606 | 0 | @a音乐哲学@Ayin yue zhe xue@x研究 |
| 690 | @aJ60-02@v4 | |
| 701 | 1 | @a詹姆斯@Azhan mu si@g(James, Jamie)@4著 |
| 702 | 0 | @a李晓东@Ali xiao dong@4译 |
| 801 | 0 | @aCN@c20070924 |
| 905 | @dJ60-02@eZ053 | |
| 天体的音乐:音乐、科学和宇宙自然秩序/(美) 杰米·詹姆斯著/Jamie James/李晓东译.-长春:吉林人民出版社,2003.01 |
| 265页:图;21cm.-(大美译丛) |
| ISBN 7-206-04114-0:CNY16.00 |
| 本书从古希腊毕达哥拉斯谈起,经中世纪而到文艺复兴,直到近现代。使用的是音乐的素材,叙述的是人间的音乐,阐释的是音乐构成的世界,试图囊括进音乐和科学之间相交叉的领域。 |
| ● |
| 相关链接 |
|
|
|
正题名:天体的音乐
索取号:J60-02/Z053
 
预约/预借
| 序号 | 登录号 | 条形码 | 馆藏地/架位号 | 状态 | 备注 |
| 1 | 259016 | 202590160 | 社科库309/309社科库 90排4列5层/ [索取号:J60-02/Z053] | 在馆 | |
| 2 | 259017 | 202590179 | 社科库309/309社科库 90排4列5层/ [索取号:J60-02/Z053] | 在馆 | |
| 3 | 259018 | 202590188 | 社科库309/309社科库 90排4列5层/ [索取号:J60-02/Z053] | 在馆 |